Diagnostic procedures for finfish diseases (Record no. 8841)

000 -LEADER
fixed length control field 00477nam a22001217a 4500
040 ## - CATALOGING SOURCE
Transcribing agency HS
082 ## - DEWEY DECIMAL CLASSIFICATION NUMBER
Classification number 171
110 ## - MAIN ENTRY--CORPORATE NAME
Corporate name or jurisdiction name as entry element AQUATIC ANIMAL HEALTH RESEARCH INSTITUTE (AAHRI) DEPARTMENT OF FISHERIES KASETSART UNIVERSISTY CAMPUS BANGKOK THAILAND
245 ## - TITLE STATEMENT
Title Diagnostic procedures for finfish diseases
260 ## - PUBLICATION, DISTRIBUTION, ETC. (IMPRINT)
Place of publication Thailand
Name of publisher AQUATIC ANIMAL HEALTH RESEARCH INSTITUTE (AAHRI) DEPARTMENT OF FISHERIES KASETSART UNIVERSISTY CAMPUS BANGKOK THAILAND
Year of publication 1991
300 ## - PHYSICAL DESCRIPTION
Number of Pages 60p;
942 ## - ADDED ENTRY ELEMENTS (KOHA)
Koha item type សៀវភៅភាសាអង់គ្លេស
952 ## - LOCATION AND ITEM INFORMATION (KOHA)
Withdrawn status [LOCAL, KOHA] 0
952 ## - LOCATION AND ITEM INFORMATION (KOHA)
Withdrawn status [LOCAL, KOHA] 0
Holdings
Permanent Location Date acquired Koha item type Lost status Barcode Shelving location Current Location Full call number
Library Block C2016-08-16សៀវភៅភាសាអង់គ្លេស RUA045745 Library Block C171 AQU 1999
Library Block C2016-09-14សៀវភៅភាសាអង់គ្លេស A01475C022Library Block C171 NA 1999 C021 C022
មជ្ឈមណ្ឌលឯការនៃសាកលវិទ្យាល័យភូមិន្ទកសិកម្មចំការដូង

Powered by Koha